LEADER 01304nam0-2200385li-450 001 990000243170203316 005 20180312154748.0 010 $a3-540-76124-1 035 $a0024317 035 $aUSA010024317 035 $a(ALEPH)000024317USA01 035 $a0024317 100 $a2001999012000-------y0itay0103----ba 101 0 $aeng 102 $aGW 200 1 $aAnalytic methods for partial differential equations$fG. Evans, J. Blackledge and P. Yardley 210 $aBerlin$cSpringer-Verlag$dcopyr. 2000 215 $aXII; 299 p$cill.$d23 cm. (Springer undergraduate mathematics series) 610 1 $aequazioni differenziali parziali 676 $a515353$9Equazioni differenziali parziali 700 1$aEvans,$bGwynne$060146 702 1$aBlackledge,$bJonathan M. 702 1$aYardley,$bPeter 801 $aSistema bibliotecario di Ateneo dell' Università di Salerno$gRICA 912 $a990000243170203316 951 $a515.353 EVA (A)$b24207/CBS$c515.353$d00220857 959 $aBK 969 $aSCI 979 $c19990103 979 $c20001110$lUSA01$h1715 979 $c20020403$lUSA01$h1632 979 $aPATRY$b90$c20040406$lUSA01$h1617 979 $aRSIAV7$b90$c20090522$lUSA01$h1527 996 $aAnalytic methods for partial differential equations$91424630 997 $aUNISA LEADER 01255nam--2200373---450- 001 990005784080203316 005 20121126144338.0 010 $a978-2-7283-0903-0 035 $a000578408 035 $aUSA01000578408 035 $a(ALEPH)000578408USA01 035 $a000578408 100 $a20121126d2011----km-y0itay50------ba 101 0 $afre$aita 102 $aIT 105 $a||||||||001yy 200 1 $a<> disettes dans la conjoncture de 1300 en Méditerranée occidentale$fétudes réunies par Monique Bourin, John Drendel et François Menant 210 $aRome$cÉcole française de Rome$d2011 215 $aIX, 350 p.$d24 cm 225 2 $aCollection de l'École française de Rome$v450 410 0$12001$aCollection de l'École française de Rome$v450 606 0 $aCarestie$2BNCF 676 $a363.809 702 1$aGENET,$bJean-Philippe 702 1$aZORZI,$bAndrea 801 0$aIT$bsalbc$gISBD 912 $a990005784080203316 951 $aX.1.B. 1456$b237211 L.M.$cX.1.B.$d00317694 959 $aBK 969 $aUMA 979 $aPASSARO$b90$c20121126$lUSA01$h1001 979 $aPASSARO$b90$c20121126$lUSA01$h1443 996 $aDisettes dans la conjoncture de 1300 en Méditerranée occidentale$91081261 997 $aUNISA